Autobiografías y memorias / (Registro nro. 55081)
[ vista simple ]
| 000 -LEADER | |
|---|---|
| fixed length control field | 00611cam a2200181 a 4500 |
| 005 - DATE AND TIME OF LATEST TRANSACTION | |
| control field | 20151202143535.0 |
| 008 - FIXED-LENGTH DATA ELEMENTS--GENERAL INFORMATION | |
| fixed length control field | 021118s1905 sp 000 0 spa u |
| 050 04 - LIBRARY OF CONGRESS CALL NUMBER | |
| Classification number | CT182 |
| Item number | A98 1905 |
| 245 00 - TITLE STATEMENT | |
| Title | Autobiografías y memorias / |
| Statement of responsibility, etc | coleccionadas e ilustradas por M. Serrano y Sanz. |
| 250 ## - EDITION STATEMENT | |
| Edition statement | 1a ed. |
| 260 ## - PUBLICATION, DISTRIBUTION, ETC. (IMPRINT) | |
| Place of publication, distribution, etc | Madrid : |
| Name of publisher, distributor, etc | Libreria Editorial de Baylly Bailliere e Hijos, |
| Date of publication, distribution, etc | 1905. |
| 300 ## - PHYSICAL DESCRIPTION | |
| Extent | clxvi, 545 p. ; |
| Dimensions | 26 cm. |
| 490 ## - SERIES STATEMENT | |
| Series statement | Nueva biblioteca de autores españoles |
| 504 ## - BIBLIOGRAPHY, ETC. NOTE | |
| Bibliography, etc | Incluye índice |
| 651 #7 - SUBJECT ADDED ENTRY--GEOGRAPHIC NAME | |
| Source of heading or term | LEMB |
| Geographic name | España |
| General subdivision | Biografías |
| 700 1# - ADDED ENTRY--PERSONAL NAME | |
| Personal name | Serrano y Sanz, M., |
| Relator term | comp. |
| 942 ## - ADDED ENTRY ELEMENTS (KOHA) | |
| Source of classification or shelving scheme | Biblioteca del Cogreso de los Estados Unidos |
| Koha item type | Libro |
| Estado de pérdida | Fuente de clasificación | Estado del daño | No para préstamo | Ubicación permanente | Ubicación actual | Apartado o colección | Fecha de adquisición | Fuente de adquisición | Edición | Dependencia de educación superior (DES) | Área del conocimiento | Clasificación | Código de Barras | Date last seen | Número de copia | Tipo de recurso | Nota pública |
|---|---|---|---|---|---|---|---|---|---|---|---|---|---|---|---|---|---|
| Biblioteca del Cogreso de los Estados Unidos | Biblioteca del Instituto de Investigaciones Históricas | Biblioteca del Instituto de Investigaciones Históricas | Fondo Antiguo | 02/12/2015 | Donación | 1a ed. | Humanidades | Educación y Humanidades | CT182 A98 1905 | IIH000013608 | 02/12/2015 | C: 1 | Libro | A-ANTIGUO |